00305nam a2200121Ia 4500008004100000040001700041041001200058082001600070100002000086245002900106260003700135300001100172230917s9999||||xx |||||||||||||| ||und|| e210282aMAIN aEnglish a515.7 G557F aPedrick, George 0aFirst course in analysis aNew DelhibSpringer(India)c2009 a278 p.